[Event "Western Province-chT"]
[Site "Cape Town"]
[Date "2018.08.04"]
[Round "1"]
[White "Ntho, Lefu"]
[Black "Gyongy, Istvan"]
[Result "1-0"]
[WhiteElo "1770"]
[BlackElo "1677"]
[PlyCount "93"]
[EventDate "2018.08.04"]
[EventType "team-tourn"]
[EventRounds "11"]
[EventCountry "RSA"]
[SourceTitle "EXT 2020"]
[Source "ChessBase"]
[SourceDate "2019.10.17"]
[SourceVersion "1"]
[SourceVersionDate "2019.10.17"]
[SourceQuality "1"]
[WhiteTeam "African Chess Lounge"]
[BlackTeam "Cape Town"]
[WhiteTeamCountry "RSA"]
[BlackTeamCountry "RSA"]

1. e4 c6 2. d4 d5 3. Nd2 dxe4 4. Nxe4 Nf6 5. Ng3 Bg4 6. f3 Bc8 7. Bc4 e6 8. N1e2 Be7 9. 0-0 0-0 10. c3 Nbd7 11. Nf4 Nb6 12. Bb3 Nbd5 13. Nd3 Qb6 14. Kh1 Rd8 15. Qe2 Re8 16. Ne4 Qc7 17. Bc2 b5 18. Nxf6+ Bxf6 19. a4 Bb7 20. Nc5 a6 21. Qe4 g6 22. Qd3 Red8 23. Bb3 Nb6 24. Qe4 Nd5 25. Bh6 Re8 26. Qg4 Bc8 27. axb5 cxb5 28. Qe4 Bb7 29. Rfe1 Qe7 30. Kg1 Qc7 31. Nxb7 Qxb7 32. Bxd5 Qxd5 33. Qxd5 exd5 34. Rxe8+ Rxe8 35. Rxa6 Bg7 36. Bxg7 Kxg7 37. Rb6 Rd8 38. Kf2 h5 39. Rxb5 g5 40. Ke3 Kg6 41. Kd3 f5 42. Rb6+ Kg7 43. b3 f4 44. c4 g4 45. cxd5 Re8 46. Re6 Rd8 47. d6 1-0